000 01564cam a2200409 a 4500
001 22020
003 VRT
005 20260317160323.0
008 240226s1996 xo er 000 f slo
015 _aSNBA1996/0802073
020 _a8071182354
_q(viazané)
035 _aSNK000174270
039 9 _a202408141337
_bcsnk01
_c202408141220
_dcsnk01
_c202408090931
_dAUTHORITY
_c202402262200
_dVLOAD
040 _aSNK
_bslo
_cSNK
_eAACR2
041 1 _aslo
_heng
044 _axo
_cSK
072 7 _a821.111(73)-3
_xAmerická próza
_2konspekt
080 _a820 (73)-3
_21997
080 _a821.111(73)-31
_22011
100 1 _aSheldon, Sidney,
_d1917-2007
_4aut
240 1 0 _aMaster of the game
_lSlovensky
245 1 0 _aMajstrovská hra
_cSidney Sheldon ; z anglického originálu Master of the game ... preložila Anežka Krupová
260 _aBratislava
_bIkar
_c1996
300 _a376 strán
_c21 cm
655 7 _aamerické romány
_2SNKPH
700 1 _aKrupová, Anežka
_4trl
700 1 _iPokračovanie:
_aBagshawe, Tilly,
_d1973-
_tDámska majstrovská hra
942 _2ddc
_cKLDO
_n0
949 _64710702658
_91
_astrmkB
_bstrmk2008/2658
949 _6270001000025882
_asvkbbA 90629
_bsvkbbm 600405
949 _617A0003863
_asnkSC 90533
_bsnkKSP 4275/96
_s6100:20230207
_s6101:20151012
949 _617A0003864
_asnkSC 90533 D1
_bsnkKSP 4276/96
949 _9P60, <09>, [BOOK], {629}
_asnkC 959
_bsnk1794/960517
949 _6273K0231304
_asvkpoA 167371
_bsvkpo415866
_oPV 807/96
999 _c22020
_d22020